00409cam a2200145ua 45000010005000000080039000050400009000440820010000532450060000632600043001233000012001666530015001786530046001937000024002396255131127n ii |||gr||||Z||||||eng cMAIN a657.2 aFundamentals of double entry book-keepingcBy P.C. Jain aDibrugarh:bAbhinav Enterprise,c1983. ax,299p. aAccounting aFundamentals of double entry book-keeping aJain,P.C.,eAuthor.